'War' Movies Quiz Stats

 Plays Quiz Updated Dec 1, 2018

     
Support Sporcle.
Go Orange.
Score 0/16 Timer 07:00
1 Play Today
% Correct
Star Wars: Episode IV – A New Hope
96.7%
World War Z
77.8%
Captain America: Civil War
73.2%
War Horse
73.2%
War of the Worlds
72.9%
Avengers: Infinity War
64.2%
Bride Wars
58.9%
War for the Planet of the Apes
58.5%
% Correct
Warcraft
50.8%
Charlie Wilson's War
48%
War Dogs
42.3%
Lord of War
38.6%
This Means War
29%
Hart's War
24%
The Huntsman: Winter's War
23.3%
War Machine
12.6%

From the Vault

Athletes of the 1950s and 60s

by El_Dandy

Sports 10m
You're gonna like this game. We guarantee it.
Remove Ads.
Support Sporcle.
Get the best of Sporcle when you Go Orange. This ad-free experience offers more features, more stats, and more fun while also helping to support Sporcle. Thank you for becoming a member.

Show Comments

Extras

Top Quizzes Today


Score Distribution

Your Account Isn't Verified!

In order to create a playlist on Sporcle, you need to verify the email address you used during registration. Go to your Sporcle Settings to finish the process.

Report this User

Report this user for behavior that violates our Community Guidelines.

Details: